00418nam a2200121Ia 4500008004100000245015700041260001700198260000900215300000800224650002300232650001200255856002900267170516s9999 xx 000 0 und d aPolydopamine-Based Surface Modification of Novel Nanoparticle-Aptamer Bioconjugates for In Vivo Breast Cancer Targeting and Enhanced Therapeutic Effects bTheranostics c2016 a6:4 xMedical Technology xMedtech uhttp://www.thno.org/v6i4